000 00638nam a2200241Ia 4500
003 OSt
005 20220918230941.0
006 a|||||r|||| 00| 0
007 ta
008 220917b |||||||| |||| 00| 0 eng d
024 _a261,731
037 _cTextual
040 _aARTS
_cARTS
_beng
041 _2eng
_aeng
082 _aY7:(G:66), L31
100 _aSwanson Carl P
_9153569
245 0 _aNatural history of man
260 _aEnglewood
_bCliffs Prentice-Hall
_c1973
300 _axii,402p.
_ccm.
650 _aSOCIOLOGY
942 _hY7:(G:66), L31
_cTEXL
_2CC
999 _c289358
_d289358